Textural characterization and stratigraphic aspects of the late pleistocene-holocene eolian sediments in the Sierra de la Ventana area, Buenos Aires province, Argentina /
Guardado en:
| Autor Principal: | |
|---|---|
| Formato: | Libro |
| Idioma: | English |
| Materias: | |
| Etiquetas: |
Agregar Etiqueta
Sin Etiquetas, Sea el primero en etiquetar este registro!
|
| LEADER | 00654nam a22001815a 4500 | ||
|---|---|---|---|
| 001 | EUN.um065181 | ||
| 003 | AR-BaUNS | ||
| 005 | 20050623122930.0 | ||
| 008 | 041125b########xx############000#0#eng#d | ||
| 245 | 1 | 0 | |a Textural characterization and stratigraphic aspects of the late pleistocene-holocene eolian sediments in the Sierra de la Ventana area, Buenos Aires province, Argentina / |c Susana Bidart. |
| 100 | 1 | |a Bidart, Susana. | |
| 082 | 0 | 4 | |a 551.37 |
| 082 | 0 | 4 | |a 551.78 |
| 653 | |a Sedimentos eolicos | ||
| 653 | |a Sedimentologia | ||
| 653 | |a Estratigrafia argentina | ||
| 653 | |a Sierra de la ventana | ||
| 859 | |a Ar-BaUNS |b BIB. CENTRAL - Sector C |h 551.37 |i B474 |p 105398/996 | ||
